| 000 | 01005nam a22003137a 4500 | ||
|---|---|---|---|
| 001 | 0002277 | ||
| 003 | KOHA_MİRAKIL | ||
| 005 | 20260207001309.0 | ||
| 007 | ta | ||
| 008 | 101021b2000 tu |||gr||||#||||0|tur | | ||
| 020 |
_a9755125043 _cTL0,01 |
||
| 040 |
_aTR-BiSEU _btur _cTR-BiSEU _erda |
||
| 041 | 0 | _atur | |
| 044 | _ctu | ||
| 050 |
_aKB3276 _b.T81 2000 |
||
| 245 | 1 |
_aTüketicinin korunması hakkında mevzuat ve İstanbul Ticaret Odasının bu konudaki uygulamaları/ _cİstanbul Ticaret Odası. |
|
| 264 | 1 |
_aİstanbul : _bİstanbul Ticaret Odası _c2000 |
|
| 300 | _a327 sayfa; 21 cm. | ||
| 336 |
_ametin _btxt _2rdacontent |
||
| 337 |
_aaracısız _bn _2rdamedia |
||
| 338 |
_acilt _bnc _2rdacarrier |
||
| 490 | 1 |
_aİTO yayın ; _vno. |
|
| 490 | 1 | _a2000/46 | |
| 650 | 0 |
_aTüketicinin korunması--Hukuk ve mevzuat--Türkiye. _96687 |
|
| 650 | 0 |
_aConsumer protection--Law and legislation--Turkey. _96688 |
|
| 830 | 1 |
_aİTO yayın ; _vno. _96577 |
|
| 830 | 1 |
_a2000/46 _96689 |
|
| 942 |
_2lcc _cBK |
||
| 999 |
_c2264 _d2264 |
||